Nghiên cứu đề xuất mạng quan trắc môi trường nước mặt lưu vực sông thị tính
में बचाया:
| मुख्य लेखक: | |
|---|---|
| स्वरूप: | पुस्तक |
| भाषा: | Undetermined |
| विषय: | |
| ऑनलाइन पहुंच: | http://lrc.tdmu.edu.vn/opac/search/detail.asp?aID=2&ID=15899 |
| टैग : |
टैग जोड़ें
कोई टैग नहीं, इस रिकॉर्ड को टैग करने वाले पहले व्यक्ति बनें!
|
| Thư viện lưu trữ: | Trung tâm Học liệu Trường Đại học Thủ Dầu Một |
|---|
| LEADER | 00692nam a2200145Ia 4500 | ||
|---|---|---|---|
| 001 | TDMU_15899 | ||
| 008 | 210410s9999 xx 000 0 und d | ||
| 082 | |a NULL | ||
| 100 | |a Vũ, Thanh Bình | ||
| 245 | 0 | |a Nghiên cứu đề xuất mạng quan trắc môi trường nước mặt lưu vực sông thị tính | |
| 245 | 0 | |c Vũ Thanh Bình | |
| 300 | |a Tr.105-112 | ||
| 650 | |a Ô nhiễm nước |v Nghiên cứu |x Khía cạnh môi trường; Lưu vực sông thị tính; Quan trắc môi trường | ||
| 856 | |u http://lrc.tdmu.edu.vn/opac/search/detail.asp?aID=2&ID=15899 | ||
| 980 | |a Trung tâm Học liệu Trường Đại học Thủ Dầu Một | ||